Concordantiae Corani Arabicae Ad literarum ordinem et verborum radices diligenter disposuit Gustavus Flügel
محفوظ في:
المؤلف الرئيسي:
مؤلفون آخرون:
التنسيق: كتاب
اللغة: Undetermined
منشور في:
Lipsiae
Sumtibus et typis Caroli Tauchnitii, Lipsiae
1842
الموضوعات:
الوسوم: إضافة وسم
لا توجد وسوم, كن أول من يضع وسما على هذه التسجيلة!
رقم الطلب: (R) BP133.F64
| LEADER | 00693nam a2200181Ia 4500 | ||
|---|---|---|---|
| 008 | 221002s9999||||xx |||||||||||||| ||und|| | ||
| 050 | 4 | |a (R) BP133.F64 | |
| 100 | 1 | |a Gustav Flügel | |
| 245 | 1 | 0 | |a Concordantiae Corani Arabicae |b Ad literarum ordinem et verborum radices diligenter disposuit Gustavus Flügel |
| 264 | 1 | |a Lipsiae |b Sumtibus et typis Caroli Tauchnitii, Lipsiae |c 1842 | |
| 300 | |a 219 p |b x, 219 pages |c 29 cm | ||
| 650 | 4 | |a Qurʼan | |
| 650 | 4 | |a Concordances | |
| 650 | 4 | |a Coran Concordances | |
| 700 | 1 | |a University of St Andrews | |
| 942 | |2 lcc |c BK | ||
| 952 | |0 0 |1 0 |2 lcc |4 0 |7 1 |9 43021 |a ARCE |b ARCE |d 2022-10-02 |l 0 |o (R) BP133.F64 |r 2022-10-02 00:00:00 |w 2022-10-02 |y BK | ||
| 999 | |c 49577 |d 49577 | ||
